Co to za grzyb? - Statystyki

Ogólne statystyki
  • Ten quiz został rozwiązany 62 razy
  • Średni wynik to 10 z 24
Statystyki odpowiedzi
Obrazkowy Hint Odpowiedź % Poprawnych
x dęty Lejkowiec
85%
x siarkowy Żółciak
78%
x kołpakowaty Czernidłak
74%
x podwinięty Krowiak
70%
x świerkowy Sarniak
67%
x pomarańczowa Lisówka
59%
x lancetowata Łysiczka
59%
x sosnowy Siedzuń
59%
x zmienny Łuszczak
56%
x czerwony Okratek
56%
x jodłowa Soplówka
56%
x dołkowany Mleczaj
52%
x brodawkowaty Tęgoskór
48%
x kamforowy lub x odrażający Flegmiak / Zasłonak
44%
x pomarańczowa Dzieżka
33%
x świerkowa Klejówka
33%
x długoszyjkowy Gwiazdosz
30%
x pomarańczowożółty Trzęsak
30%
czyli Mucor Pleśniak
11%
x myszaty Jeleniak
7%
x wielobarwny Błyszczak
4%
x jodłowy Czyreń
4%
x wapienna Łojówka
0%
x domowy Stroczek
0%
Nie znaleziono quizów pasujących do podanych kryteriów
Rozkład punktacji
Procent ludzi z każdym wynikiem
Percentyl według liczby udzielonych odpowiedzi
Twoja historia wyników
Nie rozwiązałeś tego quizu